000
00318 a2200133 4500
000
nam a22 7a 4500
100
_a
A.K.Soni
110
_a
A.K.Soni
245
_a
Effective business communication skills
250
_a
latest edition
260
_b
Shree Niwas
_c
2026
264
_b
Shree Niwas
_c
2026
942
_c
BK
999
_c
397008
_d
397008